<?xml version="1.0" encoding="UTF-8"?>
<marc:record xmlns:marc="http://www.loc.gov/MARC21/slim">
   <marc:leader>00000nam a2200000 a 4500</marc:leader>
   <marc:datafield ind1="1" ind2=" " tag="100">
      <marc:subfield code="a">Holbe, Julia</marc:subfield>
      <marc:subfield code="4">aut</marc:subfield>
      <marc:subfield code="e">Verfasser/-in</marc:subfield>
   </marc:datafield>
   <marc:datafield ind1=" " ind2=" " tag="653">
      <marc:subfield code="a">Fiktionale Darstellung</marc:subfield>
   </marc:datafield>
   <marc:datafield ind1=" " ind2=" " tag="653">
      <marc:subfield code="a">Erzählende Literatur</marc:subfield>
   </marc:datafield>
   <marc:datafield ind1="0" ind2="0" tag="245">
      <marc:subfield code="a">Unsere glücklichen Tage</marc:subfield>
   </marc:datafield>
   <marc:datafield ind1="0" ind2="0" tag="245">
      <marc:subfield code="b">Roman</marc:subfield>
   </marc:datafield>
   <marc:datafield ind1="0" ind2="0" tag="245">
      <marc:subfield code="c">Holbe, Julia</marc:subfield>
   </marc:datafield>
   <marc:datafield ind1=" " ind2="1" tag="264">
      <marc:subfield code="a">München</marc:subfield>
      <marc:subfield code="b">Penguin Verlag</marc:subfield>
      <marc:subfield code="c">2021</marc:subfield>
   </marc:datafield>
   <marc:datafield ind1=" " ind2=" " tag="250">
      <marc:subfield code="a">1. Auflage</marc:subfield>
   </marc:datafield>
   <marc:datafield ind1="1" ind2=" " tag="520">
      <marc:subfield code="a">Angaben aus der Verlagsmeldung &#xD;
&#xD;
 Unsere glücklichen Tage  : Roman  / von Julia Holbe&#xD;
&#xD;
&#xD;
            Vier Freundinnen und ein unvergesslicher Sommer an der französischen Atlantikküste&#xD;
            &#xD;
&#xD;
            &#xD;
Lenica, Marie, Fanny und Elsa verbringen einen nicht enden wollenden Sommer an der französischen Atlantikküste. Wie ein Versprechen liegt die Zukunft vor ihnen, so ausgelassen und unbeschwert sind sie, dass sie gar nicht merken, wie das Leben seine Weichen stellt. Als sie sich viele Jahre später wiedersehen, erkennen sie, dass ihre Sehnsüchte sie immer noch wie eine schicksalhafte Kraft verbinden. Trotz allem, was geschehen ist, seit jenem Abend, als Lenica ihren Freund Sean mitbrachte. Und die unaufhaltbare Geschichte ihren Lauf nahm … &#xD;
Julia Holbe erzählt in ihrem bewegenden Roman von den wirklich wichtigen Dingen des Lebens: von Liebe und Freundschaft, Schuld und Verrat, von Zufall und Schicksal. »Wenn man ein solches Buch gelesen hat, bleibt für ein paar Sekunden Sehnsucht im Herzen und ein vages Gefühl von Glück.« Christine Westermann</marc:subfield>
   </marc:datafield>
   <marc:datafield ind1=" " ind2=" " tag="020">
      <marc:subfield code="a">9783328106463</marc:subfield>
      <marc:subfield code="9">9783328106463</marc:subfield>
   </marc:datafield>
   <marc:datafield ind1=" " ind2=" " tag="020">
      <marc:subfield code="a">3328106464</marc:subfield>
      <marc:subfield code="9">3328106464</marc:subfield>
   </marc:datafield>
   <marc:datafield ind1=" " ind2=" " tag="041">
      <marc:subfield code="a">ger</marc:subfield>
   </marc:datafield>
   <marc:datafield ind1=" " ind2=" " tag="338">
      <marc:subfield code="a">Band</marc:subfield>
   </marc:datafield>
   <marc:datafield ind1=" " ind2=" " tag="300">
      <marc:subfield code="a">314 Seiten</marc:subfield>
   </marc:datafield>
</marc:record>
